The Risk Factor (Record no. 10575)

MARC details
000 -LEADER
fixed length control field 00371nam a22001577a 4500
003 - CONTROL NUMBER IDENTIFIER
control field OSt
008 - FIXED-LENGTH DATA ELEMENTS--GENERAL INFORMATION
fixed length control field 210325b ||||| |||| 00| 0 eng d
020 ## - INTERNATIONAL STANDARD BOOK NUMBER
International Standard Book Number 9781137279286
082 ## - DEWEY DECIMAL CLASSIFICATION NUMBER
Classification number 658.155 PER
100 ## - MAIN ENTRY--PERSONAL NAME
Personal name PISCIONE, Deborah Perry
245 ## - TITLE STATEMENT
Title The Risk Factor
260 ## - PUBLICATION, DISTRIBUTION, ETC. (IMPRINT)
Place of publication, distribution, etc New York
Name of publisher, distributor, etc Palagrave Macmillan
Date of publication, distribution, etc -
300 ## - PHYSICAL DESCRIPTION
Extent 249
650 ## - SUBJECT ADDED ENTRY--TOPICAL TERM
Topical term or geographic name as entry element General
942 ## - ADDED ENTRY ELEMENTS (KOHA)
Source of classification or shelving scheme Dewey Decimal Classification
Koha item type Text Books
Holdings
Withdrawn status Lost status Source of classification or shelving scheme Damaged status Not for loan Collection code Home library Current library Date acquired Source of acquisition Currency Cost, normal purchase price Bill Number Total Checkouts Full call number Acc. no. / Barcode Date last seen Actual Cost, discounted price Bill Date Koha item type Public note
    Dewey Decimal Classification     GENERAL PIET C-LIBRARY PIET C-LIBRARY 17/03/2021 Kirti Praskshan IN Rupees 799.00 IN1865   658.155 PER 32699 25/03/2021 639.20 17/03/2021 Text Books Motivational

Design & Developed by: PIET Central Library
R70 Miles Stone Pattikalyana Samalkha Panipat 132102
mail ID :- [email protected], Phone No:- 0180-2569700 Ex.216